| 000 | 01202nab a2200205 i 4500 | ||
|---|---|---|---|
| 001 | 768714001 | ||
| 003 | CO-MdFUSB | ||
| 005 | 20240508170626.0 | ||
| 008 | 240507t1967 sp ||||| |||| 00| 0 spa d | ||
| 040 |
_bspa _cCO-MdFUSB _dCO-MdFUSB |
||
| 041 | _aspa | ||
| 100 |
_aHurley, Michael, _eautor |
||
| 245 |
_a¿Qué pueden aprender los católicos de la controversia sobre el bautismo de niños? _c/ Michael Hurley |
||
| 520 | _aEn los años de la posguerra, la práctica tradicional del bautismo de niños ha sido objeto de viva controversia en el protestantismo continental (europeo), en la Iglesia de Inglaterra (anglicana) y en las Iglesias baptistas. La controversia tuvo en cada caso un origen y un objetivo particular, pero puede considerarse como parte de todo un movimiento de autocrítica y renovación eclesial, centrada muy explicable y adecuadamente en el rito de iniciación. | ||
| 650 | 0 |
_a Ecumenismo _xHistoria _91146 |
|
| 650 | 0 |
_a Bautismo _91149 |
|
| 773 | 0 |
_049450 _982584 _oR2514 _tRevista internacional de teología Concilium _w(CO-MdFUSB)8 _x0210-1041 _gNúmero 24, (abril, 1967), páginas: 19 - 27 _qpágina: 19 |
|
| 942 | _cANA | ||
| 945 | _aCatherine Arias Alvarez - Practicante SENA | ||
| 999 |
_c69572 _d69572 |
||